000 00607nam a2200241Ia 4500
003 OSt
005 20221005080742.0
006 a|||||r|||| 00| 0
007 ta
008 221004b |||||||| |||| 00| 0 eng d
024 _a72015
037 _cTextual
040 _aCRL
_cCRL
_beng
041 _2eng
_aeng
082 _aY38.2, M9
100 _aNangia J N
_9610615
245 0 _aNational integration in perspective
260 _aNew Delhi
_bPacifer
_c1989
300 _a110p
_ccm.
650 _aSOCIOLOGY
942 _hY38.2, M9
_cTEXL
_2cc
999 _c986665
_d986665